Loading...
Complete works of Geoffrey Chaucer /
| Main Author: | |
|---|---|
| Language: | Undetermined |
| Published: |
Oxford :
Clarendon Press ,
|
| Subjects: |
| LEADER | 00453nam a2200133Ia 4500 | ||
|---|---|---|---|
| 001 | 165258 | ||
| 008 | 170722s9999 xx 000 0 und d | ||
| 100 | |a Walter W. Skeat | ||
| 245 | |a Complete works of Geoffrey Chaucer / | ||
| 260 | |a Oxford : |b Clarendon Press , | ||
| 653 | |a Literature | ||
| 942 | |c GEN | ||
| 999 | |c 157850 |d 157850 | ||
| 952 | |0 0 |1 0 |4 0 |6 O_1H40X_C4_6_000000000000000 |7 0 |8 LC1 |9 221270 |a LIB |b LIB |d 2017-08-12 |h LC1 |o O-,1H40x C4.6 |p A3719 |r 2017-08-12 |w 2017-08-12 |y GEN | ||